000
00290nam a2200121Ia 4500
008
190216s9999||||xx |||||||||||||| ||und||
100
_a
Jeffrey M Richter
245
0
_a
Windows3.1 A Developers Guide
260
_b
Bpb Publications
_c
1994
300
_a
715p
650
_a
Computer
942
_c
BK
999
_c
8567
_d
8567